| 000 | 00788nam a2200241 a 4500 | ||
|---|---|---|---|
| 001 | 49677 | ||
| 003 | BD-RjUL | ||
| 005 | 20211209054719.0 | ||
| 008 | 160822s1971 ii 000 0 eng | ||
| 035 | _a(BD-RjUL) 49797 | ||
| 040 |
_aDLC _cDLC _dBD-RjU _beng |
||
| 041 | _aeng | ||
| 082 | 0 | 0 |
_a346.04360954 _223 _bMIT 1971 |
| 100 | 1 |
_aMitra, B. B., _d-1935. _9148953 |
|
| 245 | 0 | 0 |
_aThe Transfer of property act, 1882 _b : act IV of 1882 / _cMitra, B. B |
| 250 | _a12th ed. / | ||
| 260 |
_aCalcutta : _bDebooks : Eastern Law House, _c1971. |
||
| 300 |
_a[97], 1156 p. ; _c25 cm. |
||
| 650 | 0 |
_aTransfer (Law) _zIndia. _9148954 |
|
| 700 | 1 |
_aSen, Asoke Chandra. _9148955 |
|
| 710 | 1 | 2 |
_aIndia (Republic). _kLaws, statutes, etc. _tTransfer of property act, 1882. 1978. _9148956 |
| 942 |
_2ddc _cBK |
||
| 999 |
_c49677 _d49677 |
||